000 01395aam a2200397 i 4500
001 1083682416
003 OCoLC
005 20250905015732.0
007 t||
008 190130s2019 nyub 000 1 eng d
020 _a9781250251480
_qpaperback
020 _a1250251486
_qpaperback
035 _a(OCoLC)1083682416
040 _aYDX
_beng
_erda
_cYDX
_dBDX
_dHBP
_dOCLCF
_dGK8
_dOCL
_dIUI
_dRCL
_dOCLCO
_dTnL vILS
_dTnLvILS
100 1 _aJordan, Robert,
_d1948-2007,
_eauthor.
_4aut.
245 1 4 _aThe great hunt /
_cRobert Jordan.
250 _aFirst premium mass market edition.
264 1 _aNew York :
_bTor Fantasy,
_c2019.
264 4 _c£̀£1.
300 _a701 pages :
_bmaps ;
_c19 cm.
336 _atext
_btxt
_2rdacontent.
337 _aunmediated
_bn
_2rdamedia.
338 _avolume
_bnc
_2rdacarrier.
490 1 _aThe Wheel of Time ;
_v2.
490 1 _aTor fantasy.
500 _a"A Tom Doherty Associates book."
500 _aIncludes excerpt from The Dragon Reborn, book three of the Wheel of Time series.
520 _aRand, a farm boy, is thought to be the prophesied leader who will save his people.
650 0 _aRand al'Thor (Fictitious character)
_vFiction.
655 7 _aFantasy fiction.
_2lcgft.
655 7 _aNovels.
_2lcgft.
800 1 _aJordan, Robert,
_d1948-2007.
_tWheel of time ;
_vbk. 2.
830 0 _aTor fantasy.
907 _a.b457567387
942 _cBK
999 _c31126
_d31124